| 000 | 00894cam a22002657i 4500 | ||
|---|---|---|---|
| 001 | 16187257 | ||
| 003 | OSt | ||
| 005 | 20230602134934.0 | ||
| 008 | 100415s2010 ke f000 0 eng | ||
| 010 | _a 2010305244 | ||
| 040 |
_aDLC _beng _cDLC _erda |
||
| 082 |
_a302.2 _bEAC |
||
| 100 | _cMinistry of The East Africa Community | ||
| 110 | 1 |
_aKenya. _bMinistry of East African Community. |
|
| 245 | 1 | 0 | _aCommunications policy and strategy handbook. |
| 264 | 1 |
_aNairobi : _bMinistry of the East African Community, _c[2010] |
|
| 300 |
_ax, 72 pages ; _c23 cm |
||
| 336 |
_atext _2rdacontent |
||
| 337 |
_aunmediated _2rdamedia |
||
| 338 |
_avolume _2rdacarrier |
||
| 700 | _cGovernment Of Kenya | ||
| 906 |
_a7 _bcbc _corignew _d4 _encip _f20 _gy-gencatlg |
||
| 942 |
_2ddc _cBK |
||
| 999 |
_c150 _d150 |
||